| 000 | nam a22 a 4500 | ||
|---|---|---|---|
| 999 |
_c2195 _d2195 |
||
| 003 | AKMAL | ||
| 005 | 20170515152629.0 | ||
| 008 | 170515s1989 my 00 may d | ||
| 020 | _a9676509116 | ||
| 040 |
_aAKMAL _cAKMAL |
||
| 049 | _amal | ||
| 082 | 0 | 4 | _a373.19 HUS |
| 090 |
_a373.19 _bHUS |
||
| 100 |
_aSufean Hussin, _d1956- _94622 |
||
| 245 | 1 |
_aPengajaran nilai dalam kurikulum / _cSufean Hussin |
|
| 260 |
_aPetaling Jaya : _bFajar Bakti, _c1989 |
||
| 300 |
_ax, 152ms. : _bill. ; _c22cm |
||
| 440 |
_aSiri pendidikan Fajar Bakti _94544 |
||
| 504 | _aBibliografi: ms.(147)-148 | ||
| 650 |
_aValues _94623 |
||
| 650 |
_aPsychology _9859 |
||
| 942 |
_2ddc _cBOOK |
||